000 01111cam a2200241 4500
001 WS120415
008 021111n 000 0 eng u
035 _a(Sirsi) u120415
110 _aManufactured Housing Institute
_94370
245 _aManufactured Housing Institute
520 _aWeb site for this American trade organisation representing all segments of the factory-built housing industry. Includes their professional standards of practice, pages on the history of manufactured housing, details of how to buy a manufactured home, the HUD Code laying down quality standards, a directory of members and technical resources including a wind zone map, roof load map and thermal zone map.
650 _aUNITED STATES
650 _aINTERNATIONAL
650 _aMANUFACTURED HOUSING
650 _aSYSTEM BUILT HOUSING
650 _aPROFESSIONAL STANDARDS
650 _aWEATHER
650 _aHUD CODE
650 _aPREFABRICATED HOUSING
690 _aBUILT ENVIRONMENT
856 4 0 _uhttps://www.manufacturedhousing.org
_zView the website free of charge at www.manufacturedhousing.org...
942 _n0
999 _c120200
_d120200